<?xml version="1.0" encoding="UTF-8"?>
<record
    xmlns:xsi="http://www.w3.org/2001/XMLSchema-instance"
    xsi:schemaLocation="http://www.loc.gov/MARC21/slim http://www.loc.gov/standards/marcxml/schema/MARC21slim.xsd"
    xmlns="http://www.loc.gov/MARC21/slim">

  <leader>02248nam a2200349 i 4500</leader>
  <controlfield tag="001">768714001</controlfield>
  <controlfield tag="003">CO-MdFUSB</controlfield>
  <controlfield tag="005">20260504154311.0</controlfield>
  <controlfield tag="007">ta</controlfield>
  <controlfield tag="008">241118t2001    sp ||||| |||| 001 0 spa d</controlfield>
  <datafield tag="020" ind1=" " ind2=" ">
    <subfield code="a">84-8267-231-2</subfield>
  </datafield>
  <datafield tag="040" ind1=" " ind2=" ">
    <subfield code="b">spa.</subfield>
    <subfield code="a">CO-MdFUSB</subfield>
    <subfield code="c">CO-MdFUSB</subfield>
    <subfield code="d">CO-MdFUSBC</subfield>
    <subfield code="e">rda</subfield>
  </datafield>
  <datafield tag="041" ind1=" " ind2=" ">
    <subfield code="a">spa</subfield>
  </datafield>
  <datafield tag="082" ind1=" " ind2=" ">
    <subfield code="2">23</subfield>
    <subfield code="a">226.507</subfield>
    <subfield code="b">G643</subfield>
  </datafield>
  <datafield tag="100" ind1=" " ind2=" ">
    <subfield code="a">Gonz&#xE1;lez Moreno, F&#xE9;lix </subfield>
    <subfield code="d">1953-</subfield>
    <subfield code="e">autor</subfield>
  </datafield>
  <datafield tag="245" ind1="1" ind2="3">
    <subfield code="a">La oraci&#xF3;n sacerdotal de Jes&#xFA;s : </subfield>
    <subfield code="b">una exposici&#xF3;n de Juan 17</subfield>
    <subfield code="c">/ F&#xE9;lix Gonz&#xE1;lez Moreno</subfield>
  </datafield>
  <datafield tag="264" ind1=" " ind2="1">
    <subfield code="a">Barcelona, Espa&#xF1;a : </subfield>
    <subfield code="b">Clie,</subfield>
    <subfield code="c">[2001]</subfield>
  </datafield>
  <datafield tag="264" ind1=" " ind2="4">
    <subfield code="c">&#xA9;2001</subfield>
  </datafield>
  <datafield tag="300" ind1=" " ind2=" ">
    <subfield code="a">251 p&#xE1;ginas</subfield>
    <subfield code="c">; 20 cm</subfield>
  </datafield>
  <datafield tag="336" ind1=" " ind2=" ">
    <subfield code="2">rdacontent</subfield>
    <subfield code="a">texto</subfield>
    <subfield code="b">txt</subfield>
  </datafield>
  <datafield tag="337" ind1=" " ind2=" ">
    <subfield code="2">rdamedia</subfield>
    <subfield code="a">sin mediaci&#xF3;n</subfield>
    <subfield code="b">n</subfield>
  </datafield>
  <datafield tag="338" ind1=" " ind2=" ">
    <subfield code="2">rdacarrier</subfield>
    <subfield code="a">volumen</subfield>
    <subfield code="b">nc</subfield>
  </datafield>
  <datafield tag="500" ind1=" " ind2=" ">
    <subfield code="a">Incluye &#xED;ndice</subfield>
  </datafield>
  <datafield tag="505" ind1=" " ind2=" ">
    <subfield code="a">Estas cosas habl&#xF3; Jes&#xFA;s (17:1).-- La hora decisiva (17:1).-- Poder sobre toda carne (17:2-3).-- Yo te he glorificado (17:4).-- El ruego del Hijo (17:5).-- La revelaci&#xF3;n del nombre de Dios (17:6).-- Mi padre me los dio (17:6).-- Elecci&#xF3;n (17:6).-- Han guardado tu palabra (17:6).-- El conocimiento m&#xE1;s excelente (17:7).-- El don de la palabra (17:8).-- Recibiendo la palabra (17:8).-- Una maravillosa intercesi&#xF3;n (17:9).-- Eterna propiedad del padre (17:9).-- M&#xED;o y tuyo (17:10).-- Glorificando a Jesucristo (17:10).-- Ya no estoy en el mundo (17:11).-- Padre santo (17:11).-- Protecci&#xF3;n (17:11).-- Uno, as&#xED; como nosotros (17:11).-- La divina providencia (17:12).-- Ninguno se perdi&#xF3; (17:12).-- Una oraci&#xF3;n por felicidad (17:13).-- Un don que establece diferencias (17:14).-- Los cristianos en el mundo (17:15).-- Gu&#xE1;rdalos del malo (17:15).-- No son del mundo (17:16).-- Santificaci&#xF3;n en la verdad (17:17).-- Enviados al mundo (17:18).-- Santificados en Jes&#xFA;s (17:19).-- Una oraci&#xF3;n prof&#xE9;tica (17:20).-- Para que todos sean uno (17:21).-- Dios en nosotros (17:22-23).-- Orando por la culminaci&#xF3;n (17:24).-- &#xA1;Padre justo! (17:25).-- El nombre de Dios (17:26).</subfield>
  </datafield>
  <datafield tag="563" ind1=" " ind2=" ">
    <subfield code="a">R&#xFA;stico</subfield>
  </datafield>
  <datafield tag="630" ind1="0" ind2="7">
    <subfield code="a">Biblia.</subfield>
    <subfield code="p">Juan</subfield>
  </datafield>
  <datafield tag="653" ind1=" " ind2=" ">
    <subfield code="a">Biblia. Juan XVII &#x2014; Comentarios</subfield>
  </datafield>
  <datafield tag="653" ind1=" " ind2=" ">
    <subfield code="a">Evangelio seg&#xFA;n Juan &#x2014; Ex&#xE9;gesis </subfield>
  </datafield>
  <datafield tag="653" ind1=" " ind2=" ">
    <subfield code="a">Oraci&#xF3;n sacerdotal de Jes&#xFA;s &#x2014; Interpretaci&#xF3;n</subfield>
  </datafield>
  <datafield tag="942" ind1=" " ind2=" ">
    <subfield code="c">BK</subfield>
  </datafield>
  <datafield tag="945" ind1=" " ind2=" ">
    <subfield code="a">Catherine Arias Alvarez</subfield>
  </datafield>
  <datafield tag="952" ind1=" " ind2=" ">
    <subfield code="0">0</subfield>
    <subfield code="1">0</subfield>
    <subfield code="2">ddc</subfield>
    <subfield code="3">0</subfield>
    <subfield code="4">0</subfield>
    <subfield code="7">0</subfield>
    <subfield code="8">GEN</subfield>
    <subfield code="a">FUSBC</subfield>
    <subfield code="b">FUSBC</subfield>
    <subfield code="d">2024-11-18</subfield>
    <subfield code="l">0</subfield>
    <subfield code="o">G 226.507 G643o</subfield>
    <subfield code="p">25306</subfield>
    <subfield code="r">2024-11-18 00:00:00</subfield>
    <subfield code="t">Ej. 1</subfield>
    <subfield code="w">2024-11-18</subfield>
    <subfield code="y">BK</subfield>
    <subfield code="k">1</subfield>
  </datafield>
  <datafield tag="999" ind1=" " ind2=" ">
    <subfield code="c">71223</subfield>
    <subfield code="d">71223</subfield>
  </datafield>
</record>
